000 00492nam a22001697a 4500
999 _c523791
_d523791
003 NUST
038 _awaseem
082 _a891.491109
_bBHA
100 _aBhatti, Amjad Ali
_914347
245 _aInsaan Dosti Te Punjabi Sheri /
_cAmjad Ali Bhatti
260 _aLahore :
_bA.H. Publishers,
_c2008.
300 _a572 p. ;
500 _aHardcover.
880 _6100-02\r
_aامجد علی بھٹی
880 _6245-02\r
_aانسان دوستی تے پنجابی شاعری /
942 _2ddc
_cBK